000 00530nam a22001817a 4500
005 20251108165217.0
008 250721s1996 xx 000 0 ara d
082 1 4 _a818.03/مي
100 1 _aزيادة، مي
245 1 0 _aالأعمال المجهولة لمي زيادة /
264 1 _aأبوظبي :
_bالمجمع الثقافي،
_c1996.
300 _a478ص
650 1 7 _aالأدب العربي
650 1 7 _aالمذكرات
700 1 _aزيدان، جوزيف
_eتحقيق
942 _2ddc
_cBK
999 _c22206
_d22206